MLB Quiz - Statistics

General Stats
  • This quiz has been taken 4 times
  • The average score is 1 of 10
Answer Stats
Hint Answer % Correct
Who is the Twins' all-time franchise leader in grand slams? Harmon Killebrew
50%
Who was the last Dodgers player with 200 or more hits in a season? Adrián Beltré
25%
Who is the only Cubs pitcher to win the National League Rookie of the Year Award? Kerry Wood
25%
The record for most career games with 7 or more RBIs is 9. Who holds it? Lou Gehrig
25%
Who is the last player to lead either league in doubles in consecutive seasons? Garret Anderson
0%
Who was the last player before Jose Altuve to hit 5 home runs in the span of 2 games? Kyle Schwarber
0%
Who holds the Braves' single-season stolen base record in the Modern Era (since 1901)? Otis Nixon
0%
Who is the oldest player in AL/NL history with four or more hits in a game? Pete Rose
0%
Which pitcher has the most games of 10+ strikeouts in 2023? Spencer Strider
0%
Who holds the record for most career doubles? Tris Speaker
0%
No matching quizzes found
Score Distribution
Percent of People with Each Score
Percentile by Number Answered
Your Score History
You have not taken this quiz